Tourism management: an introduction (Record no. 60022)

MARC details
000 -LEADER
fixed length control field 00654nam a2200181 a 4500
008 - FIXED-LENGTH DATA ELEMENTS--GENERAL INFORMATION
fixed length control field 160706s2012 ||||||||||||||||| || u
020 ## - INTERNATIONAL STANDARD BOOK NUMBER
International Standard Book Number 9781848608702
050 ## - LIBRARY OF CONGRESS CALL NUMBER
Classification number G 155.A1 Ink
100 ## - MAIN ENTRY--PERSONAL NAME
Personal name Inkson, Clare
245 10 - TITLE STATEMENT
Title Tourism management: an introduction
Statement of responsibility, etc. By Clare Inkson [and] Lynn Minnaert
260 ## - PUBLICATION, DISTRIBUTION, ETC.
Place of publication, distribution, etc. Los Angeles
Name of publisher, distributor, etc. SAGE Publications
Date of publication, distribution, etc. 2012
300 ## - PHYSICAL DESCRIPTION
Extent xiv, 432p.: ill.
350 ## - PRICE (NR) (BK AM CF MU VM SE) [OBSOLETE]
Price 66.00
650 ## - SUBJECT ADDED ENTRY--TOPICAL TERM
Topical term or geographic name entry element TOURISM
650 ## - SUBJECT ADDED ENTRY--TOPICAL TERM
Topical term or geographic name entry element TOURISM--MANAGEMENT
700 ## - ADDED ENTRY--PERSONAL NAME
Personal name Minnaert, Lynn
995 ## - RECOMMENDATION 995 [LOCAL, UNIMARC FRANCE]
-- CBU-MAIN LIBRARY (Kitwe)
-- 66.00
-- 1
-- AVAILABLE
-- Jul 14, 2016
-- Main Library Open Access Collection
Holdings
Withdrawn status Lost status Source of classification or shelving scheme Damaged status Not for loan Home library Current library Shelving location Date acquired Total Checkouts Full call number Barcode Date last seen Date last checked out Price effective from Koha item type
          CBU-MAIN LIBRARY, KITWE. CBU-MAIN LIBRARY, KITWE.   11/30/2022 3 G 155.A1 Ink 746300 04/29/2025 01/06/2025 11/30/2022 MONOGRAPH